OPAC Home

HISTORY OF PERSIA (Record no. 147411)

MARC details
000 -LEADER
fixed length control field 00412nam a22001577a 4500
003 - CONTROL NUMBER IDENTIFIER
control field LK-CoDNM
005 - DATE AND TIME OF LATEST TRANSACTION
control field 20240813134324.0
008 - FIXED-LENGTH DATA ELEMENTS--GENERAL INFORMATION
fixed length control field 240813b |||||||| |||| 00| 0 eng d
040 ## - CATALOGING SOURCE
Original cataloging agency LK-CoDNM
Modifying agency LK-CoDNM
Description conventions LK-CoDNM
080 ## - UNIVERSAL DECIMAL CLASSIFICATION NUMBER
Universal Decimal Classification number 10
Item number U10
942 ## - ADDED ENTRY ELEMENTS (KOHA)
Koha item type Books
100 ## - MAIN ENTRY--PERSONAL NAME
Personal name SYKES PERCY
245 ## - TITLE STATEMENT
Title HISTORY OF PERSIA
260 ## - PUBLICATION, DISTRIBUTION, ETC. (IMPRINT)
Place of publication, distribution, etc. LONDON
Name of publisher, distributor, etc. MACMILLAN AND CO, LIMITED
Date of publication, distribution, etc. 1921
300 ## - PHYSICAL DESCRIPTION
Extent XXVII, 563P. : ILL ; 24 CM

No items available.

Copyright © 2023 Department of National Museum, Colombo 07, Sri Lanka Funded by UNESCO IFAP UNESCO